000 00726nam a2200121Ia 4500
008 220620s9999||||xx |||||||||||||| ||und||
100 _aBoel, Jens||Canavaggio, Perrine||González Quintana, Antonio
245 0 _aArchives and Human Rights
546 _aEnglish[eng]
650 _aAnna Funder||crimes against humanity||Dirty Wars||human rights||Iran-Contra Affair||Joinet principles||Pinochet||Rwandan Genocide||right to justice||right to know||right to reparation||right to truth||Securitate||Soviet Archives||Stasi||Stasiland||truth commissions
856 _uhttps://library.oapen.org/bitstream/20.500.12657/46920/1/9780429622298.pdf||https://library.oapen.org/bitstream/20.500.12657/46920/1/9780429622298.pdf
942 _cEB
999 _c25246
_d25246